00000000nam##2200000za#4500
0019.668150
003CaOODSP
00520210615124006
007ta
008150407|2006||||xxc|||||     f|0| 0 fre|d
020 |a0-660-63257-8
040 |aCaOODSP|bfre
041 |aeng
041 |afre
041 |aspa
043 |an-cn---
0861 |aCW66-203/1-2006
1102 |aService canadien de la faune.
24510|aGuide d'identification CITES - amphibiens : |bguide d'identification des amphibiens protégés par la Convention sur le commerce international des espèces de faune et de flore sauvages menacées d'extinction
2461 |aGuía de identificación de CITES - Anfibios - Guía de identificación de los anfibios protegidos por la Convención sobre el Comercio International de Especies Amenazadas de Fauna y Flora Silvestres
260 |aOttawa - Ontario : |bEnvironnement Canada. |c2007.
300 |aEn pagination multiple. : |bill. en couleur, tableaux, index ; |c28 cm.
500 |a«Une initiative d'Environnement Canada"
5203 |aEnvironnement Canada, l'organe de gestion CITES (La Convention sur le commerce international des espèce de faune et de flore sauvages menacées d’extinction) du Canada, a conçu des guides d'identification de la CITES sur les oiseaux; les crocodiliens; les tortues; les papillons; les esturgeons et spatules; les bois tropicaux; les trophées de chasse et les amphibiens, pour les personnes chargées de l'application de la CITES. Ils livrent en anglais, français et espagnol, des informations détaillées permettant d'identifier les espèces protégées par la CITES et, dans certains cas, les espèces non protégées qui leur ressemblent.
546 |aTexte en français, anglais et espagnol.
563 |aReliure à spirale
590 |a07-16|b2007-04-20
69107|aAnimal aquatique|2gcpds
69107|aEspèce menacée|2gcpds
7102 |aSecrétariat de la CITES.
7102 |aUnited States. Fish and Wildlife Service.
7760#|tCITES identification guide - amphibians : |w(CaOODSP)9.675095
791 |tCITES identification guide - amphibians : |eeng|w(CaOODSP)9.668149